| 000 | 00737cab a2200241 4500 | ||
|---|---|---|---|
| 001 | ABS54184 | ||
| 008 | 090401t1995 xxu||||| |||| 00| 0 eng d | ||
| 035 | _a(Sirsi) u8928 | ||
| 041 | _aeng | ||
| 100 | _aJerram, D. | ||
| 245 | _aContaminated ground rules | ||
| 260 | _c1995 | ||
| 350 | _a0 | ||
| 490 |
_aEstates Gazette _v(9548) 2 December 1995, 100-101(2) |
||
| 520 | _aExplains the necessity to carry out site investigations before construction in order to avoid legal disputes. Also mentions responsibility towards waste disposal. | ||
| 650 | _aCONSTRUCTION PROJECTS | ||
| 650 | _aCONTAMINATED LAND | ||
| 650 | _aSITE INVESTIGATIONS | ||
| 650 | _aWASTE DISPOSAL | ||
| 690 | _aLAND | ||
| 942 | _n0 | ||
| 948 | _c04/03/1997 | ||
| 999 |
_c5532 _d5532 |
||